000 01436nam0a2200361 4500
001 RU\NLR\bibl\1429131
005 20260406135301.0
010 _a978-5-17-059758-1
_bАСТ
010 _a978-5-403-01823-4
_bАСТ Москва
_93000
021 _aRU
_b2009-69091
_94277
035 _a(NLR Aleph) 001421049
090 _a1342906
_c1342906
100 _a20090820d2009 |||y0rusy50 ca
101 1 _arus
_cger
102 _aRU
105 _ay |||||||||
200 1 _aПсихоанализ детских неврозов
_e[сборник]
_fЗигмунд Фрейд
_g[пер. с нем. Г.В. Барышниковой]
210 _aМосква
_cАСТ
_cАСТ Москва
_d2009
215 _a280, [1] с.
_d21
225 1 _aСерия "Психология"
327 1 _aСодерж.: Анализ фобии пятилетнего мальчика; Три очерка по теории сексуальности
606 1 _aНеврозы детей
_xПсихоанализ
_92131305
_3RU\NLR\auth\661285761
686 _aЮ948.43-953.6-734
686 _aЮ91(4А)6-736.1
700 1 _4070
_8rus
_7ca
_aФрейд
_bЗ.
_f1856-1939
_gЗигмунд
_3RU\NLR\AUTH\772621
_9112631
801 0 _aRU
_bРКП
_c20090820
_gRCR
801 1 _aRU
_bРГБ
_c20090820
801 2 _aRU
_bЦУНБ Москва
_c20091027
_2rusmarc
801 2 _aRU
_bNLR
_c20091022
_grcr
942 _cBOOK
980 _aNB